MDQL
is popping MORE tags! Check the
thread
!
Quizzes
Events
Quiz Creation
Community
Videos
Private Events
Remove Ads
Sign In
Join for FREE
Feedback
Dark Mode
Quiz Categories
Sports
Geography
Music
Movies
Television
Just For Fun
Miscellaneous
History
Literature
Language
Science
Gaming
Entertainment
Religion
Holiday
For Kids
Quiz Lab
Recent
Popular Today
Quiz Kudos Today
Editor Picks
Curator Picks
Quizzes by...
Day
Popularity
Type
Ratings
Length
Year
Community
Subscriptions
Recent Discussions
Orange Saloon
Badges
Playlists
Quests
Create
Leaderboards
Showdown
Live 5
Trivia Bingo
Activity
Puzzle Library
Sporcle Events
Private Events
Virtual Trivia
Globe League
Become a Host
Pub Owners
SporcleCon
Opinionation
Our Games
Videos
Blog
Mobile Apps
Partnerships
Remove Ads and Go Orange
Feedback
Music
Pop Music
The Beatles
Song
Album
Lyrics
Bands
Singers
Artist
Clip
Rock
Rap
Classical
Billboard
Country Music
Kpop
Taylor Swift
Music
Pop Music
The Beatles
Song
Album
Lyrics
Bands
Singers
Artist
Clip
Rock
Rap
Classical
Billboard
Country Music
Kpop
Taylor Swift
Random Quiz
Search Sporcle
×
Quiz Lab
Quiz Lab
Music
hurt
Type in answers that appear in a list
Type in answers that appear in a list
Classic
Best Score? Go Orange.
Can you name Mississippi John Hurt's 1928 recordings? Stats
Can you name the Mississippi John Hurt's 1928 recordings??
By
Francis1987
4m
13 Questions
9 Plays
9 Plays
9 Plays
Comments
Comments
Give Quiz Kudos
Give Quiz Kudos
-
- Ratings
hide this ad
Replay
Link that replays current quiz
Next Quiz
Link to next quiz in quiz playlist
You Got
0%
They Got
Avg Score
69%
Avg Friend Score
Upgrade to see
Score Distribution
Jump to the score distribution portion of the page
Score
0/13
Timer
04:00
0
Plays Today
1928
% Correct
December 28, 1928. New York City, NY
Spike Driver Blues
100%
December 21, 1928. New York City, NY
Big Leg Blues
88.9%
December 28, 1928. New York City, NY
Candy Man Blues
88.9%
December 28, 1928. New York City, NY
Praying On The Old Camp Ground
88.9%
December 28, 1928. New York City, NY
Blue Harvest Blues
88.9%
February 14, 1928. Memphis, TN
Frankie
77.8%
December 21, 1928. New York City, NY
Ain't No Tellin'
66.7%
December 21, 1928. New York City, NY
Avalon Blues
66.7%
December 21, 1928. New York City, NY
Louis Collins
55.6%
December 28, 1928. New York City, NY
Got The Blues (Can't Be Satisfied)
55.6%
February 14, 1928. Memphis, TN
Nobody's Dirty Business
44.4%
December 28, 1928. New York City, NY
Blessed Be The Name
44.4%
December 28, 1928. New York City, NY
Stack O' Lee
33.3%
Quiz Playlist
Details
Report
Send in Message
Add To Playlist
Classic:
Type in answers that appear in a list
Last Updated: Feb 16, 2017
Quiz Scoreboard
CHALLENGE
Sign Up to Join the Scoreboard
Show All
Scores
Hide
Comments
May contain spoilers
Recently Published
Two Season TV Shows II
by 123Four
Television
10m
Image Sorting: Flags VI
by Barbecue
Geography
2m
Find the 'City' Movie
by crazypaving
Movies
60s
More to Explore
Quiz From the Vault
Featured Blog Post
14 Easter Pick-up Lines to Find Eggs With
hide this ad
You Might Also Like...
Tags
hurt
john
mississippi
Recording
Today's Top Quizzes in Music
Browse Music
hide this ad
Today's Top Quizzes in hurt
Browse hurt
Top Contributed Quizzes in Music
1
5X2 Blitz: Bands II
2
5X2 Blitz: The Beatles
3
Taylor Swift All Songs (2024)
4
5X2 Blitz: Billboard
5
5X2 Blitz: Billboard II
6
5X2 Blitz: Album
7
5X2 Blitz: Singers
8
5X2 Blitz: Rock
9
Music Artist by Three 2010s hits
10
5X2 Blitz: Lyrics
Explore More
Trending Topics
Marvel
Anime
Harry Potter
Crossword
NBA
Kpop
Disney
Puzzle
WWE
Soccer
Pokémon
Song
NFL
The Office
Country
hide this ad
More By:
Francis1987
Quiz
Plays
Rating
Category
Featured
Created
Joy Division Songs
308
5.00
Music
Feb 1, 2021
Spirou et Fantasio Albums
67
5.00
Entertainment
Dec 8, 2017
Les Colocs
25
Music
Jun 21, 2014
Bo Diddley's Hey Good Looking
11
Music
Aug 12, 2017
Can you name Mississippi John Hurt's 1928 recordings?
9
Music
Jun 23, 2011
Go to Creator's Profile
Score Distribution
Quiz Creator Spotlight
Francis1987
Follow
Send a Message
Quizzes Created
-
Created Quiz Play Count
-
More By This Creator
Popular Quizzes Today
1
Find the US States - No Outlines Minefield
2
Colored Red Africa Blitz
3
Find the 'City' Movie
4
5x2 Blitz: Bands
5
The Countries of the World
6
Find the Countries of Europe - No Outlines Minefield
7
Find the US States
8
US States
More Music Quizzes
RYM's 100 Worst Songs of the 1980s
Quiz Lab
Trending Quizzes
Colored Red Europe Blitz I
Colored Red Africa Blitz II
Colored Red Europe Blitz II
Colored Red Europe Blitz III
Colored Red Africa Blitz III
Recently Updated
How Do You Spell That?
pecheneg
Godzilla Movies
pecheneg
Grab Bag: 4-10 Letters
pecheneg
2024 March Madness Bracket
pecheneg
Famous TV Couples
Peacemaker
Champions League XIs: Real Madrid
pecheneg
Largest US Cities 1790-2010
pecheneg
Rides in Walt Disney World
pecheneg
Most Oscar Losses (Acting)
pecheneg
Beyoncé Albums
pecheneg
Trending Topics
Marvel
Crossword
Disney
Kpop
NBA
Harry Potter
Anime
Soccer
The Office
WWE
Country
Song
Pokémon
Puzzle
NFL
Your Account Isn't Verified!
In order to create a playlist on Sporcle, you need to verify the email address you used during registration. Go to your
Sporcle Settings
to finish the process.
Report this User
Report this user for behavior that violates our
Community Guidelines
.
Details:
Send Report
Go to the Sporcle.com Mobile Site →
Comments